000 03005nam a2200373Ii 4500
999 _c9558
_d9558
001 11361564
003 OCoLC
005 20241126110714.0
008 840508s1984 miua b 001 0 eng
010 _a84071337
020 _a0801024994
020 _a9780801024993
_q(pbk.)
020 _a0801020867
035 _a(OCoLC)11361564
_z(OCoLC)11365980
_z(OCoLC)778410933
040 _aDLC
_beng
_cDLC
_dBTCTA
_dYDXCP
_dHNW
_dOCLCQ
_dOCLCF
_dMXL
_dLMR
_dOCLCQ
_dDML
_dSGB
_dNLC
_dOCLCQ
_dUKMGB
_dOCLCO
050 0 0 _aBS540
_b.C36 1984
055 1 _aBS540
082 0 0 _a220.601
_219
_bCAR
100 1 _aCarson, D. A.
_920
245 1 0 _aExegetical fallacies /
_cD.A. Carson.
250 _a2nd ed.
260 _aGrand Rapids, Mich. :
_bBaker Book House,
_c1996.
300 _a148 pages :
_billustrations ;
_c22 cm
336 _atext
_btxt
_2rdacontent
337 _aunmediated
_bn
_2rdamedia
338 _avolume
_bnc
_2rdacarrier
504 _aIncludes bibliographical references and indexes.
505 0 _aPreface -- Introduction -- Word-Study Fallacies -- Grammatical Fallacies -- Logical Fallacies -- Presuppositional and Historical Fallacies -- Concluding Reflections.
520 _a"I hope that by talking about what should not be done in exegesis, we may all desire more deeply to interpret the Word of God aright," says the author. "If I focus on the negative, it is in the hope that you will thereby profit more deeply from the positive instruction you glean from texts and lectures." Forty-eight kinds of fallacies are organized in this volume into four groups: (1) word-study, (2) grammatical, (3) logical, and (4) presuppositional and historical fallacies. "These pages make no claim to comprehensiveness in the kind of error discussed," writes the author. "Entries are treated because in my experience they are among the most common." Specific illustrations of fallacies abound. They are drawn from the works of liberals and conservatives, Calvinists and Arminians, unknowns and world-class scholars. "By and large my examples have been drawn from fairly serious sources, not popular publications where the frequency of error is much higher," the author writes. "But I have also included a few examples from popular preachers." This lively, enlightening, and not uncontroversial volume begins by discussing the importance of the study of exegetical fallacies, the dangers of it, and its limits. The book concludes with a list of seven areas "either not mentioned or barely alluded to in this book where more opportunities for fallacies lurk in the darkness to catch the unwary." The author has not written a highly technical book, aiming it instead at seminary students, pastors, and undergraduate Bible students with a command of elementary Greek. - Back cover.
630 0 0 _aBible
_xCriticism, interpretation, etc.
_9144
650 0 _aErrors.
_916626
776 0 8 _iOnline version:
_aCarson, D.A.
_tExegetical fallacies.
_dGrand Rapids, Mich. : Baker Book House, 1984
_w(OCoLC)564729421
942 _2ddc
_cBK